Sobre la historia de la fundación de la ciudad de Santo Domingo. (Registro nro. 7764)

Detalles MARC
000 -LEADER
fixed length control field 00893nam a2200229 a 4500
001 - CONTROL NUMBER
control field 000026512
003 - CONTROL NUMBER IDENTIFIER
control field DO-SdBNP
005 - DATE AND TIME OF LATEST TRANSACTION
control field 20150715091444.0
007 - PHYSICAL DESCRIPTION FIXED FIELD--GENERAL INFORMATION
fixed length control field 000026512
008 - FIXED-LENGTH DATA ELEMENTS--GENERAL INFORMATION
fixed length control field 110322s1996 dr a 000 0 spa d
040 ## - CATALOGING SOURCE
Original cataloging agency BPMET
Language of cataloging spa
Transcribing agency BPMET
092 ## - LOCALLY ASSIGNED DEWEY CALL NUMBER (OCLC)
Classification number xxx
Item number P796s
111 1# - MAIN ENTRY--MEETING NAME
Meeting name or jurisdiction name as entry element Ponencias Presentadas ante el Primer Congreso de la Fundación de la Ciudad de Santo Domingo
Number of part/section/meeting (1 :
Date of meeting 1995 nov. 23-25 :
Location of meeting Sato Domingo)
245 10 - TITLE STATEMENT
Title Sobre la historia de la fundación de la ciudad de Santo Domingo.
260 ## - PUBLICATION, DISTRIBUTION, ETC. (IMPRINT)
Place of publication, distribution, etc. Santo Domingo :
Name of publisher, distributor, etc. Comisión Municipal para la Conmemoración del V Centenario de la Ciudad de Santo Domingo,
Date of publication, distribution, etc. 1996.
300 ## - PHYSICAL DESCRIPTION
Extent 396 p. :
Other physical details il. ;
Dimensions 22 cm.
500 ## - GENERAL NOTE
General note Incluye notas al pie de las páginas
930 #1 - EQUIVALENCE OR CROSS-REFERENCE-UNIFORM TITLE HEADING [LOCAL, CANADA]
Language of a work BND01
Medium of performance for music LF1
Field link and sequence number 20140721
Date of a work 04
Name of part/section of a work HD
Miscellaneous information 45644
942 ## - ADDED ENTRY ELEMENTS (KOHA)
Source of classification or shelving scheme Dewey Decimal Classification
Koha item type Libros
956 ## - LOCAL ELECTRONIC LOCATION AND ACCESS (OCLC)
Host name NMORDAN
Access number 10
Compression information 20110322
Logon BND01
Processor of request 1507
956 ## - LOCAL ELECTRONIC LOCATION AND ACCESS (OCLC)
Host name VMATEO
Access number 10
Compression information 20150430
Logon BMET
Processor of request 00151
Existencias
Withdrawn status Lost status Source of classification or shelving scheme Damaged status Not for loan Collection code Home library Current library Date acquired Total Checkouts Barcode Date last seen Price effective from Koha item type
    Dewey Decimal Classification       Biblioteca Pública Metropolitana Salomé Ureña Biblioteca Pública Metropolitana Salomé Ureña 04/30/2015   BPMET15041498 04/30/2015 04/30/2015 Libros